000 00326nam a22001337a 4500
008 170601b xxu||||| |||| 00| 0 eng d
020 _a9780813336640
041 _aeng
080 _22ND
_a94(100)
100 _a17
101 _aSHH
245 _aA POLITICAL HISTORY OF EUROPE SINCE WORLD WAR II
_cBLACK,C.E
942 _2udc
_cBK
999 _c15516
_d15516